[Event "Val Maubuee op"]
[Site "Val Maubuee"]
[Date "1989.??.??"]
[Round "?"]
[White "Petraki, Maria"]
[Black "De Vitrolles, P."]
[Result "1-0"]
[WhiteElo "1680"]
[BlackElo "1670"]
[PlyCount "65"]
[EventDate "1989.04.??"]
[EventType "swiss"]
[EventRounds "9"]
[EventCountry "FRA"]
[SourceTitle "TD"]
[Source "ChessBase"]
[SourceDate "1994.03.01"]
[SourceVersion "1"]
[SourceVersionDate "1994.03.01"]
[SourceQuality "1"]

1. d4 d5 2. c4 dxc4 3. Nf3 Nd7 4. e4 Nb6 5. Bxc4 e6 6. Bb3 Bb4+ 7. Nc3 Nf6 8. Qe2 h6 9. Qb5+ c6 10. Qxb4 a5 11. Qc5 Nbd7 12. Qc4 0-0 13. 0-0 Rb8 14. Bf4 b5 15. Qe2 Ra8 16. Rfe1 Ba6 17. Qd2 b4 18. Na4 Qe7 19. Rac1 Bb5 20. d5 Rfd8 21. d6 Qf8 22. e5 Nd5 23. Nd4 Nxf4 24. Qxf4 g5 25. Qe4 Bxa4 26. Bxa4 c5 27. Nc6 Rac8 28. Ne7+ Kg7 29. Nxc8 f5 30. Qc4 Qf7 31. Bxd7 Rxd7 32. Qxc5 f4 33. Nb6 1-0